| 000 | 00509nam a2200217Ia 4500 | ||
|---|---|---|---|
| 003 | 0100 | ||
| 008 | 130303s9999 xx 000 0 und d | ||
| 020 | _a052164836X | ||
| 040 | _cARRUPELIB | ||
| 050 | _aB2799.E8W59 1999 | ||
| 100 | _aWood, Allen W | ||
| 245 | _aKant's ethical thought | ||
| 260 | _aCambridge | ||
| 260 | _bCambridge University Press | ||
| 260 | _C1999 | ||
| 300 | _axxiv | ||
| 300 | _b 436 p. 23 cm | ||
| 440 | _aModern European philosophy | ||
| 650 | _aETHICS | ||
| 942 | 0 | 0 | _013 |
| 999 |
_c12966 _d12966 |
||